000 00630nam a22002177a 4500
003 UA-OsUOA
001 115458
007 ta
008 20151223b un ||||| |||| 00| 0 ukr d
100 _aГадзало Я.М.
090 _a330(477)
_bГ13
942 _cSA
040 _aUA-OsUOA
_bukr
_cUA-OsUOA
_dUA-OsUOA
245 _aПро реформування аграрної науки на інноваційній основі
300 _aС.5-12
955 _a0
041 _aukr
080 _a330(477)
773 0 _w115457
_tЕкономіка АПК
_dК.
_d2015
_g12
650 7 _a330 Економіка взагалі
_2UDC
999 _c401984
_d401984